| 000 | 00715nam a2200253Ia 4500 | ||
|---|---|---|---|
| 008 | 160901s9999 xx 000 0 und d | ||
| 020 | _a0-672-32719-8 | ||
| 050 | _aComSc QA 76.3 | ||
| 050 | _b.D85 2005 | ||
| 100 | _aDulaney, Emmett. | ||
| 245 | _aNovell certified Linux professional (Novell CLP) : | ||
| 245 | _bstudy guide / | ||
| 245 | _cEmmett Dulaney. | ||
| 260 | _aIndiana : | ||
| 260 | _bNovell Press., | ||
| 260 | _c2005 | ||
| 300 | _a490 pages : | ||
| 300 | _bill. ; | ||
| 300 | _c23 cm. | ||
| 500 | _aIncludes index. | ||
| 650 | _aLinux. | ||
| 650 | _aOperating systems (Computers) -- Examinations -- Study guides. | ||
| 650 | _xElectronic data processing personnel -- Certification. | ||
| 999 |
_c300889 _d300889 |
||